|
|
|
|
| LEADER |
00603cam a2200193 7i4500 |
| 001 |
0000029717 |
| 005 |
20131203090000.0 |
| 020 |
0 |
0 |
|a 9780415535724
|
| 090 |
0 |
0 |
|a CHIN 339.470951
|b GRI
|
| 100 |
1 |
0 |
|a Griffiths
|
| 245 |
1 |
0 |
|a Consumers and individuals in China :
|b standing out fitting in.
|
| 260 |
0 |
0 |
|a LondonbRoutledge,
|c 2013.
|
| 300 |
# |
# |
|a 231 p.
|
| 650 |
0 |
0 |
|a Consumers --
|z China
|
| 650 |
0 |
0 |
|a Consumers --
|x Attitudes --
|z China
|
| 650 |
0 |
0 |
|a Consumers preferences --
|z China
|
| 650 |
0 |
0 |
|a Consumers behavior --
|z China
|
| 651 |
0 |
0 |
|a China
|
| 999 |
|
|
|a B000032966
|b Book
|c Countries
|e Business Information Centre
|